Catálogo

Vista normal Vista MARC

Entrada Personal Name

Número de registros utilizados en: 1

001 - CONTROL NUMBER

  • control field: 16889

003 - CONTROL NUMBER IDENTIFIER

  • control field: DLC

005 - DATE AND TIME OF LATEST TRANSACTION

  • control field: 20250319165649.0

008 - FIXED-LENGTH DATA ELEMENTS

  • fixed length control field: 891101n| azannaabn |a aaa

010 ## - LIBRARY OF CONGRESS CONTROL NUMBER

  • LC control number: n 89661644

035 ## - SYSTEM CONTROL NUMBER

  • System control number: (OCoLC)oca02628422

040 ## - CATALOGING SOURCE

  • Original cataloging agency: DLC
  • Language of cataloging: spa
  • Description conventions: rda
  • Transcribing agency: Mx-PuUPA
  • Modifying agency: OCoLC
  • Modifying agency: UPB
  • Modifying agency: Mx-PuUPA

100 1# - HEADING--PERSONAL NAME

  • Personal name: Mendoza Rojas, Javier,

370 ## - ASSOCIATED PLACE

  • Place of residence/headquarters: Ciudad de México (México)
  • Source of term: naf

372 ## - FIELD OF ACTIVITY

  • Field of activity: Sociología
  • Source of term: lcsh

373 ## - ASSOCIATED GROUP

  • Associated group: Universidad Nacional Autónoma de México. Instituto de Investigaciones sobre la Universidad y la Educación
  • Source of term: naf

373 ## - ASSOCIATED GROUP

  • Associated group: Universidad Nacional Autónoma de México. Facultad de Ciencias Políticas y Sociales
  • Source of term: naf

374 ## - OCCUPATION

  • Occupation: Investigador
  • Occupation: Autor
  • Source of term: aat

375 ## - GENDER

  • Gender: hombre

377 ## - ASSOCIATED LANGUAGE

  • Language code: spa

400 1# - SEE FROM TRACING--PERSONAL NAME

  • Personal name: Rojas, Javier Mendoza

400 1# - SEE FROM TRACING--PERSONAL NAME

  • Personal name: Mendoza, Javier

670 ## - SOURCE DATA FOUND

  • Source citation: Política educativa, planeación y universidad, 1988:
  • Information found: t.p. (Javier Mendoza Rojas) p. 5 (Javier Mendoza)

670 ## - SOURCE DATA FOUND

  • Source citation: La educación superior en México, 2022:
  • Information found: title page (Javier Mendoza Rojas) front flap (master's in sociology from the Facultad de Ciencias Políticas y Sociales, Universidad Nacional Autónoma de México (UNAM); researcher for the Instituto de Investigaciones sobre la Universidad y la Educación)